<?xml version="1.0" encoding="UTF-8"?>
<record
    xmlns:xsi="http://www.w3.org/2001/XMLSchema-instance"
    xsi:schemaLocation="http://www.loc.gov/MARC21/slim http://www.loc.gov/standards/marcxml/schema/MARC21slim.xsd"
    xmlns="http://www.loc.gov/MARC21/slim">

  <leader>02509nam a22002297a 4500</leader>
  <controlfield tag="003">DO-SdBNP</controlfield>
  <controlfield tag="005">20220407114850.0</controlfield>
  <controlfield tag="007">ta</controlfield>
  <controlfield tag="008">211027b2005    dr ad||| |||| 00| 0 spa d</controlfield>
  <datafield tag="040" ind1=" " ind2=" ">
    <subfield code="a">DO-SdBNP</subfield>
    <subfield code="b">spa</subfield>
    <subfield code="c">BNPHU </subfield>
  </datafield>
  <datafield tag="082" ind1=" " ind2="4">
    <subfield code="2">22</subfield>
  </datafield>
  <datafield tag="110" ind1="2" ind2=" ">
    <subfield code="a">Rep&#xFA;blica Dominicana.</subfield>
    <subfield code="b">Consejo Nacional de Competitividad.</subfield>
    <subfield code="9">64992</subfield>
  </datafield>
  <datafield tag="245" ind1="1" ind2="0">
    <subfield code="a">Plan Nacional de Competitividad Sist&#xE9;mica de la Rep&#xFA;blica Dominicana /</subfield>
    <subfield code="c">presentaci&#xF3;n Leonel Fern&#xE1;ndez ; introducci&#xF3;n Dr. Andr&#xE9;s Van der Horst.</subfield>
  </datafield>
  <datafield tag="260" ind1=" " ind2=" ">
    <subfield code="a">Santo Domingo : </subfield>
    <subfield code="b">Consejo Nacional de Competitividad, </subfield>
    <subfield code="c"> [2005?].</subfield>
  </datafield>
  <datafield tag="300" ind1=" " ind2=" ">
    <subfield code="a">186 p. : </subfield>
    <subfield code="b">il., gr&#xE1;ficos ; </subfield>
    <subfield code="c">28 cm. </subfield>
  </datafield>
  <datafield tag="505" ind1="0" ind2=" ">
    <subfield code="a">Presentaci&#xF3;n --</subfield>
    <subfield code="t">Introducci&#xF3;n --</subfield>
    <subfield code="g">Cap&#xED;tulo 1.</subfield>
    <subfield code="t">La visi&#xF3;n de futuro de la Rep&#xFA;blica Dominicana: la estrategia de competitividad sist&#xE9;mica ante el desaf&#xED;o de la apertura a la globalizaci&#xF3;n --</subfield>
    <subfield code="g">Cap&#xED;tulo 2.</subfield>
    <subfield code="t">La estrategia y pol&#xED;tica industrial de competitividad sist&#xE9;mica --</subfield>
    <subfield code="g">Cap&#xED;tulo 3.</subfield>
    <subfield code="t">La estrategia y pol&#xED;tica de competitividad de la industria de zonas francas --</subfield>
    <subfield code="g">Cap&#xED;tulo 4.</subfield>
    <subfield code="t">La estrategia y pol&#xED;tica de fomento competitivo a las exportaciones --</subfield>
    <subfield code="g">Cap&#xED;tulo 5.</subfield>
    <subfield code="t">El programa de competitividad de las micro, peque&#xF1;as y medianas
empresas </subfield>
    <subfield code="g">Cap&#xED;tulo 6.</subfield>
    <subfield code="t">El turismo como motor del crecimiento competitivo y del desarrollo
Sustentable --</subfield>
    <subfield code="g">Cap&#xED;tulo 7.</subfield>
    <subfield code="t">El cluster de agronegocios y la competitividad en la cadena global de
valor --</subfield>
    <subfield code="g">Cap&#xED;tulo 8.</subfield>
    <subfield code="t">El cluster de manufacturas con escalamiento de valor --</subfield>
    <subfield code="g">Cap&#xED;tulo 9.</subfield>
    <subfield code="t">La construcci&#xF3;n y la vivienda como motor end&#xF3;geno de crecimiento: El
Cluster de Santiago --</subfield>
    <subfield code="g">Cap&#xED;tulo 10.</subfield>
    <subfield code="t">El sistema nacional de innovaci&#xF3;n y desarrollo tecnol&#xF3;gico: Hacia la
mentefactura y la econom&#xED;a del conocimiento --</subfield>
    <subfield code="g">Cap&#xED;tulo 11.</subfield>
    <subfield code="t">Un gobierno competitivo e innovador. Hacia un nuevo modelo de
gesti&#xF3;n p&#xFA;blica IFAT: Inteligente, Flexible, &#xC1;gil y Transparente --</subfield>
    <subfield code="g">Cap&#xED;tulo 12.</subfield>
    <subfield code="t">La nueva econom&#xED;a institucional de mercado y el estado de derecho: La
comisi&#xF3;n de competencia econ&#xF3;mica --</subfield>
    <subfield code="g">Cap&#xED;tulo 13.</subfield>
    <subfield code="t">La infraestructura y la competitividad log&#xED;stica --</subfield>
    <subfield code="g">Cap&#xED;tulo 14.</subfield>
    <subfield code="t">La competitividad macroecon&#xF3;mica: La estabilidad y el tipo de cambio
real competitivo --</subfield>
    <subfield code="g">Cap&#xED;tulo 15. </subfield>
    <subfield code="t">Implementaci&#xF3;n del Plan de Competitividad: Pol&#xED;ticas y Programas de
Acci&#xF3;n, Mecanismos de Coordinaci&#xF3;n y Financiamiento --</subfield>
  </datafield>
  <datafield tag="590" ind1=" " ind2=" ">
    <subfield code="a">Inventariado, 2021 /LP

</subfield>
  </datafield>
  <datafield tag="700" ind1="1" ind2=" ">
    <subfield code="a">Fern&#xE1;ndez, Leonel,</subfield>
    <subfield code="e">presentaci&#xF3;n </subfield>
    <subfield code="9">80364</subfield>
  </datafield>
  <datafield tag="700" ind1="1" ind2=" ">
    <subfield code="a">Van der Horst, Andr&#xE9;s,</subfield>
    <subfield code="e">introducci&#xF3;n </subfield>
    <subfield code="9">80365</subfield>
  </datafield>
  <datafield tag="910" ind1=" " ind2=" ">
    <subfield code="a">Lop&#xE9;rez</subfield>
  </datafield>
  <datafield tag="942" ind1=" " ind2=" ">
    <subfield code="2">ddc</subfield>
    <subfield code="c">LBS1</subfield>
  </datafield>
  <datafield tag="952" ind1=" " ind2=" ">
    <subfield code="0">0</subfield>
    <subfield code="1">0</subfield>
    <subfield code="2">ddc</subfield>
    <subfield code="5">3</subfield>
    <subfield code="7">0</subfield>
    <subfield code="8">PD</subfield>
    <subfield code="a">BNPHU</subfield>
    <subfield code="b">BNPHU</subfield>
    <subfield code="c">HD</subfield>
    <subfield code="d">2021-10-27</subfield>
    <subfield code="e">Donado por MAPFRE</subfield>
    <subfield code="l">0</subfield>
    <subfield code="p">2021-27633</subfield>
    <subfield code="r">2021-10-27</subfield>
    <subfield code="w">2021-10-27</subfield>
    <subfield code="y">LBS1</subfield>
  </datafield>
  <datafield tag="952" ind1=" " ind2=" ">
    <subfield code="0">0</subfield>
    <subfield code="1">0</subfield>
    <subfield code="2">ddc</subfield>
    <subfield code="5">3</subfield>
    <subfield code="7">0</subfield>
    <subfield code="8">PD</subfield>
    <subfield code="a">BNPHU</subfield>
    <subfield code="b">BNPHU</subfield>
    <subfield code="c">HD</subfield>
    <subfield code="d">2021-10-27</subfield>
    <subfield code="e">Donado por MAPFRE</subfield>
    <subfield code="l">0</subfield>
    <subfield code="p">2021-27634</subfield>
    <subfield code="r">2021-10-27</subfield>
    <subfield code="t">e.2</subfield>
    <subfield code="w">2021-10-27</subfield>
    <subfield code="y">LBS1</subfield>
  </datafield>
  <datafield tag="952" ind1=" " ind2=" ">
    <subfield code="0">0</subfield>
    <subfield code="1">0</subfield>
    <subfield code="2">ddc</subfield>
    <subfield code="5">6</subfield>
    <subfield code="7">0</subfield>
    <subfield code="8">DS</subfield>
    <subfield code="a">BNPHU</subfield>
    <subfield code="b">BNPHU</subfield>
    <subfield code="c">HD</subfield>
    <subfield code="d">2021-10-27</subfield>
    <subfield code="e">Donado por MAPFRE</subfield>
    <subfield code="l">0</subfield>
    <subfield code="p">2021-27635</subfield>
    <subfield code="r">2021-10-27</subfield>
    <subfield code="t">e.3</subfield>
    <subfield code="w">2021-10-27</subfield>
    <subfield code="y">LBS1</subfield>
  </datafield>
  <datafield tag="952" ind1=" " ind2=" ">
    <subfield code="0">0</subfield>
    <subfield code="1">0</subfield>
    <subfield code="2">ddc</subfield>
    <subfield code="5">6</subfield>
    <subfield code="7">0</subfield>
    <subfield code="8">DS</subfield>
    <subfield code="a">BNPHU</subfield>
    <subfield code="b">BNPHU</subfield>
    <subfield code="c">HD</subfield>
    <subfield code="d">2021-10-27</subfield>
    <subfield code="e">Donado por MAPFRE</subfield>
    <subfield code="l">0</subfield>
    <subfield code="p">2021-27636</subfield>
    <subfield code="r">2021-10-27</subfield>
    <subfield code="t">e.4</subfield>
    <subfield code="w">2021-10-27</subfield>
    <subfield code="y">LBS1</subfield>
  </datafield>
  <datafield tag="952" ind1=" " ind2=" ">
    <subfield code="0">0</subfield>
    <subfield code="1">0</subfield>
    <subfield code="2">ddc</subfield>
    <subfield code="5">6</subfield>
    <subfield code="7">0</subfield>
    <subfield code="8">DS</subfield>
    <subfield code="a">BNPHU</subfield>
    <subfield code="b">BNPHU</subfield>
    <subfield code="c">HD</subfield>
    <subfield code="d">2021-10-27</subfield>
    <subfield code="e">Donado por MAPFRE</subfield>
    <subfield code="l">0</subfield>
    <subfield code="p">2021-27637</subfield>
    <subfield code="r">2021-10-27</subfield>
    <subfield code="t">e.5</subfield>
    <subfield code="w">2021-10-27</subfield>
    <subfield code="y">LBS1</subfield>
  </datafield>
  <datafield tag="999" ind1=" " ind2=" ">
    <subfield code="c">50815</subfield>
    <subfield code="d">50815</subfield>
  </datafield>
</record>
